Lipské tanečné dni

Bibliographic Details
Main Author: Náčiniak, Viliam (Author)
Format: Article
Language:Slovak
PhysicalDescription:Obr. 1.
Subjects:

MARC

LEADER 00000nab a2200000 a 4500
001 vtls000097625
003 SK-MaSNL
005 20260303022100.0
008 150501c1981 xo 0 slo
015 |a SNBRB19rr/mm-uuuuu 
035 |a CL0107728 
040 |a SNKBUCL  |b slo  |c SNKBUCL  |e AACR2 
041 0 |a slo 
044 |a xo  |c SK 
080 |a 793.3  |2 1981 
100 1 |a Náčiniak, Viliam  |4 aut  |9 1003707 
245 1 0 |a Lipské tanečné dni  |c Viliam Náčiniak 
300 |b Obr. 1. 
650 0 7 |a spoločenské tance  |2 snkbucl  |9 29452 
655 7 |a články z novín a časopisov  |2 snkbucl  |9 267496 
773 0 |t Rytmus  |g Roč. 32, č. 8 (1981), s. 23 
850 |a Slovenská národná knižnica v Martine  |a MTA001 
852 |a SNK  |b KIS3GCP 
958 |a RK 
958 |a DE 
992 |a RBX 
999 |c 1626721  |d 1628651